|
|
|
|
| LEADER |
01147nam a2200325 a 4500 |
| 001 |
000576357 |
| 003 |
CZ BrMZK |
| 005 |
20110902130005.0 |
| 007 |
ta |
| 008 |
011030s2001 xr g f cze d |
| 015 |
|
|
|a cnb000889489
|
| 020 |
|
|
|a 80-242-0630-7
|q (váz.)
|
| 035 |
|
|
|a (OCoLC)50343721
|
| 040 |
|
|
|a BOA001
|c ze
|d BOA001
|
| 041 |
1 |
|
|a cze
|h eng
|
| 072 |
|
7 |
|a 821.111(73)-3
|x Americká próza
|2 Konspekt
|9 25
|
| 080 |
|
|
|a 821.111(73)-31
|2 MRF
|
| 080 |
|
|
|a (0:82-31)
|2 MRF
|
| 100 |
1 |
|
|a Hoag, Tami,
|d 1959-
|7 xx0022696
|4 aut
|
| 245 |
1 |
0 |
|a Temný ráj /
|c Tami Hoag ; [z anglického originálu přeložila Drahomíra Michnová]
|
| 250 |
|
|
|a Vyd. 1.
|
| 260 |
|
|
|a [Praha] :
|b Knižní klub,
|c 2001
|
| 300 |
|
|
|a 518 s. ;
|c 21 cm
|
| 655 |
|
7 |
|a americké romány
|7 fd131796
|2 czenas
|
| 700 |
1 |
|
|a Michnová, Drahomíra
|7 xx0009942
|4 trl
|
| 765 |
0 |
|
|t Dark paradise
|
| 856 |
4 |
1 |
|u http://www.digitalniknihovna.cz/mzk/uuid/uuid:3765ddf0-d99a-11e2-9923-005056827e52
|y Digitalizovaný dokument
|x NDK
|
| 910 |
|
|
|a BOA001
|b 2-1093.583
|
| 990 |
|
|
|a BK
|
| 996 |
6 |
|
|b 2610146988
|c 2-1093.583
|l MZK
|r Sklad / do 1 hodiny
|n 4
|p p.v.
|w 000576357
|u 000010
|a 1
|e BOA001
|j MZK50
|s P
|